Japan the years of trial, 1919 - 52

সংরক্ষণ করুন:
গ্রন্থ-পঞ্জীর বিবরন
প্রধান লেখক: Murakami, Hyoe
বিন্যাস: গ্রন্থ
ভাষা:Undetermined
প্রকাশিত: Tokyo Japan Culture Institute 1982
ট্যাগগুলো: ট্যাগ যুক্ত করুন
কোনো ট্যাগ নেই, প্রথমজন হিসাবে ট্যাগ করুন!
Thư viện lưu trữ: Trung tâm Học liệu Trường Đại học Cần Thơ
LEADER 00450nam a2200169Ia 4500
001 CTU_111943
008 210402s9999 xx 000 0 und d
082 |a 952.03 
082 |b H992 
100 |a Murakami, Hyoe 
245 0 |a Japan the years of trial, 1919 - 52 
245 0 |c Murakami Hyoe 
260 |a Tokyo 
260 |b Japan Culture Institute 
260 |c 1982 
904 |i Hiếu 
980 |a Trung tâm Học liệu Trường Đại học Cần Thơ